Theatre, margins and politics: an introduction (Record no. 1227416)

MARC details
000 -LEADER
fixed length control field 00651nam a2200217Ia 4500
005 - DATE AND TIME OF LATEST TRANSACTION
control field 20241129110128.0
008 - FIXED-LENGTH DATA ELEMENTS--GENERAL INFORMATION
fixed length control field 241129s9999||||xx |||||||||||||| ||und||
020 ## - INTERNATIONAL STANDARD BOOK NUMBER
International Standard Book Number 978-1-032-66908-3
037 ## - SOURCE OF ACQUISITION
Stock number TB
040 ## - CATALOGING SOURCE
Original cataloging agency ARTS
Language of cataloging eng
Transcribing agency ARTS
041 ## - LANGUAGE CODE
Language code of text/sound track or separate title eng
Source of code eng
084 ## - COLON CLASSIFICATION NUMBER
Classification number NT44,N R3
Assigning agency ARTS
100 ## - MAIN ENTRY--PERSONAL NAME
Personal name Ray Arnab Ed.; Chakraborty Sibendu Ed.
9 (RLIN) 727310
245 #0 - TITLE STATEMENT
Title Theatre, margins and politics: an introduction
Statement of responsibility, etc. Ray Arnab Ed.; Chakraborty Sibendu Ed.
260 ## - PUBLICATION, DISTRIBUTION, ETC.
Place of publication, distribution, etc. UK
Name of publisher, distributor, etc. Routledge
Date of publication, distribution, etc. 2023
300 ## - PHYSICAL DESCRIPTION
Extent xvii,258p.
365 ## - TRADE PRICE
Price type code INR
Price amount 1295
650 ## - SUBJECT ADDED ENTRY--TOPICAL TERM
Topical term or geographic name entry element ArtsTheatre-India
9 (RLIN) 727311
942 ## - ADDED ENTRY ELEMENTS (KOHA)
Koha item type Textbook
Classification part NT44,N R3
Holdings
Withdrawn status Lost status Damaged status Not for loan Home library Current library Date acquired Source of acquisition Cost, normal purchase price Inventory number Total Checkouts Full call number Barcode Date last seen Date last checked out Price effective from Koha item type
        Arts Library Arts Library 2024-11-29 Bright Book Service 1295.00 2270 & 25/01/2024 1 NT44,N R3 AL1803450 2025-11-04 2025-10-06 2024-11-29 Textbook
Copyright @ Delhi University Library System